000 00607nam a2200205Ia 4500
008 150610s9999 xx 000 0 und d
020 _a9780439023498
050 _aPZ7
_b.C696c 2009
100 _aCollins, Suzanne
245 _aCatching fire /
_cSuzanne Collins.
250 _a1st ed.
260 _aNew York :
_bScholastic Press,
_c2009.
300 _a391pages ;
_c22 cm.
440 _aThe Hunger Games ; bk. 2
_vv.2
520 _aFiction.
650 _aContests 
_bFiction
650 _aInterpersonal relations
_bFiction.
650 _aSurvival
_xFiction.
650 _aTelevision programs
_xFiction.
999 _c287890
_d287890